|
|
|
|
| LEADER |
00000nam0a2200000 4500 |
| 001 |
247555 |
| 005 |
20231101232316.0 |
| 035 |
|
|
|a (RuTPU)RU\TPU\book\269113
|
| 090 |
|
|
|a 247555
|
| 100 |
|
|
|a 20140110d1988 k y0rusy50 ca
|
| 101 |
0 |
|
|a rus
|
| 102 |
|
|
|a RU
|
| 105 |
|
|
|a a z 001zy
|
| 200 |
1 |
|
|a Спектральные методы и средства измерения параметров плазмы многозарядных ионов
|e сборник научных трудов
|f Всесоюзный научно-исследовательский институт физико-технических и радиотехнических измерений (ВНИИФТРИ) ; под ред. И. Ю. Скобелева
|
| 210 |
|
|
|a Москва
|c ВНИИФТРИ
|d 1988
|
| 215 |
|
|
|a 144 с.
|c ил.
|
| 320 |
|
|
|a Библиогр. в конце ст.
|
| 606 |
1 |
|
|a Плазма лазерная
|x (физика)
|2 stltpush
|3 (RuTPU)RU\TPU\subj\48930
|9 67747
|
| 610 |
1 |
|
|a высокотемпературная плазма
|
| 610 |
1 |
|
|a исследование
|
| 610 |
1 |
|
|a ионы многоразрядные
|
| 610 |
1 |
|
|a параметры
|
| 610 |
1 |
|
|a измерения
|
| 610 |
1 |
|
|a средства
|
| 610 |
1 |
|
|a спектральные методы
|
| 675 |
|
|
|a 533.9.08
|v 3
|
| 702 |
|
1 |
|a Скобелев
|b И. Ю.
|4 340
|
| 712 |
0 |
2 |
|a Всесоюзный научно-исследовательский институт физико-технических и радиотехнических измерений (ВНИИФТРИ)
|c (п. Менделеево, Московская область)
|2 stltpush
|3 (RuTPU)RU\TPU\col\12883
|
| 801 |
|
1 |
|a RU
|b 63413507
|c 20140110
|
| 801 |
|
2 |
|a RU
|b 63413507
|c 20140110
|g RCR
|
| 942 |
|
|
|c BK
|